CBI/GVA Grimley corporate real estate survey (Record no. 109528)
[ view plain ]
| 000 -LEADER | |
|---|---|
| fixed length control field | 01283cad a22002415a 4500 |
| 001 - CONTROL NUMBER | |
| control field | L147380 |
| 008 - FIXED-LENGTH DATA ELEMENTS--GENERAL INFORMATION | |
| fixed length control field | 090507s2009 xxkad f s 000 0 eng d |
| 035 ## - SYSTEM CONTROL NUMBER | |
| System control number | (Sirsi) u147380 |
| 041 0# - LANGUAGE CODE | |
| Language code of text/sound track or separate title | eng |
| 050 04 - LIBRARY OF CONGRESS CALL NUMBER | |
| Classification number | 333.22 $2 18 |
| 110 2# - MAIN ENTRY--CORPORATE NAME | |
| Corporate name or jurisdiction name as entry element | CBI/GVA Grimley |
| 9 (RLIN) | 5488 |
| 245 00 - TITLE STATEMENT | |
| Title | CBI/GVA Grimley corporate real estate survey |
| Remainder of title | Spring 2009 |
| Medium | [electronic resource] |
| 300 ## - PHYSICAL DESCRIPTION | |
| Extent | London |
| Other physical details | CBI/GVA Grimley |
| Dimensions | 2009 |
| 490 #0 - SERIES STATEMENT | |
| Series statement | CBI/GVA Grimley Corporate Real Estate Survey |
| Volume/sequential designation | Spring 2009 |
| 520 ## - SUMMARY, ETC. | |
| Summary, etc. | Highlights the fall in business confidence since the third quarter of 2008 and the variation in responses across different sectors and regions. Anticipates space reductions across all sizes and most regions, especially London and the South East. Expects property holdings will be reduced by allowing leases to expire, exercising break clauses and, if needed, increasing their surplus space. |
| 520 ## - SUMMARY, ETC. | |
| Summary, etc. | Formerly CBI/GVA Grimley Survey of Property Trends. |
| 590 ## - LOCAL NOTE (RLIN) | |
| Local note | KA NTK |
| 650 24 - SUBJECT ADDED ENTRY--TOPICAL TERM | |
| Topical term or geographic name entry element | CBI/CGV GRIMLEY CORPORATE REAL ESTATE SURVEY |
| 651 #4 - SUBJECT ADDED ENTRY--GEOGRAPHIC NAME | |
| Geographic name | United Kingdom |
| Chronological subdivision | |
| 690 ## - LOCAL SUBJECT ADDED ENTRY--TOPICAL TERM (OCLC, RLIN) | |
| Topical term or geographic name as entry element | PROPERTY-COMMERCIAL PROPERTY-COMMERCIAL PROPERTY MARKET |
| 856 40 - ELECTRONIC LOCATION AND ACCESS | |
| Uniform Resource Identifier | <a href="https://www.gvagrimley.co.uk/x7648.xml/">https://www.gvagrimley.co.uk/x7648.xml/</a> |
| Public note | View this report free of charge under publications at www.gvagrimley.co.uk... |
| 942 ## - ADDED ENTRY ELEMENTS (KOHA) | |
| Suppress in OPAC | 0 |
| Withdrawn status | Lost status | Source of classification or shelving scheme | Damaged status | Not for loan | Home library | Current library | Shelving location | Date acquired | Total Checkouts | Full call number | Barcode | Date last seen | Copy number | Price effective from | Koha item type |
|---|---|---|---|---|---|---|---|---|---|---|---|---|---|---|---|
| Dewey Decimal Classification | Virtual | Virtual | Online | 07/05/2009 | ONLINE PUBLICATION | 147380-2001 | 06/08/2019 | 1 | 06/08/2019 | Book |